Catalog

Record Details

Catalog Search



We don't lose our class goldfish  Cover Image Book Book

We don't lose our class goldfish / Ryan T. Higgins.

Higgins, Ryan T.,: (author,:, illustrator.).

Summary:

Penelope Rex has one fear—Walter, the class goldfish. So when Mrs. Noodleman tells the kids that they'll be taking turns bringing Walter home, Penelope gets carried away by her anxious imagination. The weekend has a rocky start—from Walter ominously licking his lips to a sleepless night where the fish's bowl appears to move closer and closer to Penelope's bed. But after a mix-up with a donation box results in a visit to the local aquarium, Penelope realizes she might just need to confront her fear of Walter—in order to save him.

Record details

  • ISBN: 9781368076982
  • ISBN: 136807698X
  • Physical Description: 1 volume (unpaged) : color illustrations ; 24 x 32 cm.
  • Edition: First edition.
  • Publisher: Los Angeles : DisneyHyperion, 2023.

Content descriptions

Target Audience Note:
Ages: 3-5. DisneyHyperion.
Grades: PreS-K. DisneyHyperion.
Subject: Rex, Penelope (Fictitious character) > Pictorial works > Juvenile fiction.
Tyrannosaurus rex > Juvenile fiction.
Dinosaurs > Juvenile fiction.
Goldfish > Juvenile fiction.
Lost articles > Juvenile fiction.
Anxiety in children > Juvenile fiction.
Responsibility > Juvenile fiction.
Genre: Children's stories > Pictorial works.
Humorous fiction.
Picture books.

Available copies

  • 1 of 1 copy available at scottsboropl.

Holds

  • 0 current holds with 1 total copy.
Show Only Available Copies
Location Call Number / Copy Notes Barcode Shelving Location Status Due Date
scottsboropl E Hig 32269001255085 Juvenile - Easy Available -

LDR 03772cam a22009258i 4500
001163732
003SBPL
00520240722154157.0
008220711t20232023caua b 000 1 eng
010 . ‡a 2022033192
020 . ‡a9781368076982 ‡q(hardback)
020 . ‡a136807698X ‡q(hardback)
035 . ‡a(OCoLC)1335121104 ‡z(OCoLC)1335121389
05000. ‡aPZ7.H534962 ‡bWf 2023
08200. ‡a[E] ‡223
1001 . ‡aHiggins, Ryan T.,: ‡eauthor,: ‡eillustrator.
24510. ‡aWe don't lose our class goldfish / ‡cRyan T. Higgins.
2463 . ‡aWe do not lose our class goldfish
250 . ‡aFirst edition.
263 . ‡a2303
264 1. ‡aLos Angeles : ‡bDisneyHyperion, ‡c2023.
300 . ‡a1 volume (unpaged) : ‡bcolor illustrations ; ‡c24 x 32 cm.
336 . ‡atext ‡btxt ‡2rdacontent
336 . ‡astill image ‡bsti ‡2rdacontent
337 . ‡aunmediated ‡bn ‡2rdamedia
338 . ‡avolume ‡bnc ‡2rdacarrier
4901 . ‡aA Penelope Rex book
520 . ‡aPenelope Rex has one fear—Walter, the class goldfish. So when Mrs. Noodleman tells the kids that they'll be taking turns bringing Walter home, Penelope gets carried away by her anxious imagination. The weekend has a rocky start—from Walter ominously licking his lips to a sleepless night where the fish's bowl appears to move closer and closer to Penelope's bed. But after a mix-up with a donation box results in a visit to the local aquarium, Penelope realizes she might just need to confront her fear of Walter—in order to save him.
521 . ‡aAges: 3-5. ‡bDisneyHyperion.
521 . ‡aGrades: PreS-K. ‡bDisneyHyperion.
60010. ‡aRex, Penelope ‡c(Fictitious character) ‡vPictorial works ‡vJuvenile fiction.
650 0. ‡aTyrannosaurus rex ‡vJuvenile fiction.
650 0. ‡aDinosaurs ‡vJuvenile fiction.
650 0. ‡aGoldfish ‡vJuvenile fiction.
650 0. ‡aLost articles ‡vJuvenile fiction.
650 0. ‡aAnxiety in children ‡vJuvenile fiction.
650 0. ‡aResponsibility ‡vJuvenile fiction.
655 7. ‡aChildren's stories ‡vPictorial works.
655 7. ‡aHumorous fiction. ‡2lcgft
655 7. ‡aPicture books. ‡2lcgft
8001 . ‡aHiggins, Ryan T. ‡tPenelope Rex book.
901 . ‡a163732 ‡bAUTOGEN ‡c163732 ‡tbiblio

Additional Resources